<?xml version="1.0" encoding="UTF-8"?>
<record
    xmlns:xsi="http://www.w3.org/2001/XMLSchema-instance"
    xsi:schemaLocation="http://www.loc.gov/MARC21/slim http://www.loc.gov/standards/marcxml/schema/MARC21slim.xsd"
    xmlns="http://www.loc.gov/MARC21/slim">

  <leader>00741nam a22001817a 4500</leader>
  <datafield tag="999" ind1=" " ind2=" ">
    <subfield code="c">154813</subfield>
    <subfield code="d">154813</subfield>
  </datafield>
  <controlfield tag="003">OSt</controlfield>
  <datafield tag="020" ind1=" " ind2=" ">
    <subfield code="a">9788126451661</subfield>
  </datafield>
  <datafield tag="082" ind1=" " ind2=" ">
    <subfield code="a">923</subfield>
    <subfield code="b">BIJ/FA</subfield>
  </datafield>
  <datafield tag="100" ind1=" " ind2=" ">
    <subfield code="a">Bijeesh Balakrish</subfield>
  </datafield>
  <datafield tag="245" ind1=" " ind2=" ">
    <subfield code="a">Fara bakkar:mattoru yudhathinu sakshiyavan njan agrahikkunnilla</subfield>
    <subfield code="b">/&#xD2B;&#xD31;&#xD3E; &#xD2C;&#xD15;&#xD4D;&#xD15;&#xD30;&#xD4D;&#x200D;: &#xD2E;&#xD31;&#xD4D;&#xD31;&#xD4A;&#xD30;&#xD41; &#xD2F;&#xD42;&#xD26;&#xD4D;&#xD27;&#xD24;&#xD4D;&#xD24;&#xD3F;&#xD28;&#xD4D; &#xD38;&#xD3E;&#xD15;&#xD4D;&#xD37;&#xD3F;&#xD2F;&#xD3E;&#xD35;&#xD3E;&#xD28;&#xD4D;&#x200D; &#xD1E;&#xD3E;&#xD28;&#xD4D;&#x200D; &#xD06;&#xD17;&#xD4D;&#xD30;&#xD39;&#xD3F;&#xD15;&#xD4D;&#xD15;&#xD41;&#xD28;&#xD4D;&#xD28;&#xD3F;&#xD32;&#xD4D;&#xD32;</subfield>
  </datafield>
  <datafield tag="260" ind1=" " ind2=" ">
    <subfield code="a">Kottayam</subfield>
    <subfield code="b">D C Books</subfield>
    <subfield code="c">2014</subfield>
  </datafield>
  <datafield tag="300" ind1=" " ind2=" ">
    <subfield code="a">141p.</subfield>
  </datafield>
  <datafield tag="500" ind1=" " ind2=" ">
    <subfield code="a">Farah baker: mattoru yudhathinu sakshiyavan njan agrakkunnilla</subfield>
  </datafield>
  <datafield tag="500" ind1=" " ind2=" ">
    <subfield code="a">Fara baker: mattoru yudhathinu sakshiyavan njan agrakkunnilla</subfield>
  </datafield>
  <datafield tag="546" ind1=" " ind2=" ">
    <subfield code="a">Malayalam</subfield>
  </datafield>
  <datafield tag="650" ind1=" " ind2=" ">
    <subfield code="a">Biography</subfield>
  </datafield>
  <datafield tag="942" ind1=" " ind2=" ">
    <subfield code="2">ddc</subfield>
    <subfield code="c">BK</subfield>
  </datafield>
  <datafield tag="952" ind1=" " ind2=" ">
    <subfield code="0">0</subfield>
    <subfield code="1">0</subfield>
    <subfield code="2">ddc</subfield>
    <subfield code="4">0</subfield>
    <subfield code="7">0</subfield>
    <subfield code="8">Gen</subfield>
    <subfield code="a">KAUCLV</subfield>
    <subfield code="b">KAUCLV</subfield>
    <subfield code="c">GENERAL</subfield>
    <subfield code="d">2017-02-22</subfield>
    <subfield code="g">110.00</subfield>
    <subfield code="l">0</subfield>
    <subfield code="o">923 BIJ/FA</subfield>
    <subfield code="p">225865</subfield>
    <subfield code="r">2017-02-22 00:00:00</subfield>
    <subfield code="w">2017-02-22</subfield>
    <subfield code="y">BK</subfield>
  </datafield>
</record>
